000
00294 a2200121 4500
001
60748
082
_a
003.74 BAY
090
_c
37037
_d
37037
100
_a
Bay, J. S.
245
_a
Fundamentals of linear state space systems
260
_a
Boston
_b
McGraw-Hill
_c
1999
300
_a
xviii, 571 p
942
_a
NUST-CAE
_k
003.74 BAY
999
_c
295821
_d
295821